| 000 | 01052cam a2200277 i 4500 | ||
|---|---|---|---|
| 001 | 5378436 | ||
| 003 | EG-ScBUE | ||
| 005 | 20240214115626.0 | ||
| 008 | 941102s1992 ua a f e f001 0cara d | ||
| 035 | _a(CStRLIN)DCLN94-B981 | ||
| 040 |
_aNjP _beng _erda _cNjP _dDLC-R _dDLC _dEG-ScBUE |
||
| 043 | _af-ua--- | ||
| 082 | 0 | 4 |
_222 _a962.0099 _bم و س |
| 110 | 2 |
_aمصر. _bوزارة الإعلام. _bالهيئة العامة للاستعلامات، _eمؤلف. |
|
| 245 | 0 | 2 |
_aالموسوعة القومية للشخصيات المصرية البارزة / _cالهيئة العامة للاستعلامات. |
| 250 | _aالطبعة الثانية. | ||
| 264 | 1 |
_a[القاهرة] : _bالهيئة العامة للاستعلامات، _c1992. |
|
| 300 |
_a2 مجلد : _c32 سم |
||
| 336 |
_2rdacontent _aنص _btxt |
||
| 337 |
_aبدون وسيط _2rdamedia _bn |
||
| 338 |
_aمجلد _bnc _2rdacarrier |
||
| 500 | _aيشتمل على كشافات. | ||
| 651 | 7 |
_aمصر _vتراجم. _2BUEsh |
|
| 655 | _vReading book | ||
| 942 |
_2ddc _cREFERENCE |
||
| 999 |
_c13915 _d13915 |
||